000 01001cam a2200349 i 4500
001 0000462
003
005 20230314091843.0
007 0000462
008 100514s 2011 sp | |||| 000 f spa
015 _a
017 _a
_b
020 _a9788466317450
035 _a
040 _aBPMSU
_bspa
_cBPMSU
_e
080 _a
082 4 _a813.5
_bH313t 2011
_222
100 1 _aHarris, Charlaine,
_d1951-
240 1 0 _aAll together dead
_leng.
245 1 0 _aTodos juntos y muertos /
_cCharlaine Harris ; traducción Omar El-Kashef Calabor
260 _aMadrid:
_bSantillana,
_c2011.
300 _a330 p. ;
_c20 cm
490 0 _aPunto de lectura
500 _aIncluye datos biográficos de la autora.
500 _aTRUEBLOOO:una serie original de HBO
590 _6Inventariado, 2023/VM
650 4 _a Novela estadounidense
650 4 _aVampiros
_vNovela
700 1 _aEl-Kashef Calador, Omar,
_etr.
_4
910 _aVMateo V. Control de calidad (BPMSU)
942 _2ddc
_cBK
999 _c10640
_d10640